| 000 | 01264nam a2200337 a 4500 | ||
|---|---|---|---|
| 001 | 000027768 | ||
| 003 | DO-SdBNP | ||
| 005 | 20220407084433.0 | ||
| 007 | ta | ||
| 008 | 110404s1972 dr a 000 0 spa d | ||
| 020 | _a8484000028 | ||
| 040 |
_aDO-SdBNP _bspa _cBNPHU |
||
| 041 | 1 | 7 |
_aspa _heng _2Código de idioma MARC |
| 049 | _aBNPD | ||
| 082 | 4 |
_bM392f, 1972 _222 |
|
| 100 | 1 |
_aMarx, Carlos _d1818-1883. _95975 |
|
| 240 | 1 | 0 |
_aprecapitalist _lEspañol. |
| 245 | 1 | 0 |
_aFormaciones económicas precapitalistas : _bformen / _cCarlos Marx; prólogo de Eric Hobsbawm; tradujo del inglés Ariel Bignami. |
| 250 | _a2a ed. | ||
| 260 |
_aSanto Domingo : _bTaller, _c1972. |
||
| 300 |
_a140, [3] p. : _bil. ; _c21 cm. |
||
| 490 | 1 |
_aBiblioteca taller _v2 |
|
| 500 | _aIncluye referencias bibliográficas y notas al pie de las páginas | ||
| 500 | _aIncluye apéndice: ¿Qué es definir una formación económica social? El ejemplo Inca -- M. Godelier; Comentarios sobre Formen -- Nicolás Buenaventura. | ||
| 534 |
_aTítulo original de la traducción: _tprecapitalist |
||
| 590 | _aInventariado, 2022/BT | ||
| 700 | 1 |
_aHobsbawm, E. J., _epról. _954842 |
|
| 700 | 1 |
_aBignami, Ariel, _etr. _912020 |
|
| 830 | 0 |
_aBiblioteca taller _v2 _9164 |
|
| 942 |
_2ddc _cLBS1 |
||
| 999 |
_c27260 _d27260 |
||